Canadian property valuation (Record no. 119200)
[ view plain ]
| 000 -LEADER | |
|---|---|
| fixed length control field | 00579cas a22002175a 4500 |
| 001 - CONTROL NUMBER | |
| control field | L145397 |
| 008 - FIXED-LENGTH DATA ELEMENTS--GENERAL INFORMATION | |
| fixed length control field | 031008c2008 xxcqr p 0 a0eng |
| 022 1# - INTERNATIONAL STANDARD SERIAL NUMBER | |
| International Standard Serial Number | 0827-2697 |
| 035 ## - SYSTEM CONTROL NUMBER | |
| System control number | (Sirsi) u145397 |
| 041 0# - LANGUAGE CODE | |
| Language code of text/sound track or separate title | eng |
| 110 2# - MAIN ENTRY--CORPORATE NAME | |
| Corporate name or jurisdiction name as entry element | Appraisal Institute of Canada |
| 9 (RLIN) | 829 |
| 245 00 - TITLE STATEMENT | |
| Title | Canadian property valuation |
| 260 ## - PUBLICATION, DISTRIBUTION, ETC. | |
| Place of publication, distribution, etc. | Ottowa |
| Name of publisher, distributor, etc. | AIC |
| Date of publication, distribution, etc. | 2008- |
| 362 ## - DATES OF PUBLICATION AND/OR SEQUENTIAL DESIGNATION | |
| Dates of publication and/or sequential designation | 52(3) 2008- |
| 500 ## - GENERAL NOTE | |
| General note | Runs to issue 6, 2022 |
| 651 #4 - SUBJECT ADDED ENTRY--GEOGRAPHIC NAME | |
| Geographic name | Canada |
| 690 ## - LOCAL SUBJECT ADDED ENTRY--TOPICAL TERM (OCLC, RLIN) | |
| Topical term or geographic name as entry element | PROPERTY-PROPERTY APPRAISAL AND VALUATION |
| 780 00 - PRECEDING ENTRY | |
| Title | Canadian property valuation |
| 942 ## - ADDED ENTRY ELEMENTS (KOHA) | |
| Suppress in OPAC | 0 |
| Source of classification or shelving scheme | Dewey Decimal Classification |
| 948 ## - LOCAL PROCESSING INFORMATION (OCLC); SERIES PART DESIGNATOR (RLIN) | |
| c (OCLC) | 09/03/1994 |
| Withdrawn status | Lost status | Source of classification or shelving scheme | Damaged status | Not for loan | Home library | Current library | Shelving location | Date acquired | Total Checkouts | Full call number | Date last seen | Price effective from | Koha item type |
|---|---|---|---|---|---|---|---|---|---|---|---|---|---|
| Dewey Decimal Classification | London | London | Gallery | 15/03/2023 | CANADIAN PROPERTY VALUATION | 15/03/2023 | 15/03/2023 | Journal |